<?xml version="1.0" encoding="UTF-8"?><?xml-stylesheet type="text/xsl" href="static/style.xsl"?><OAI-PMH xmlns="http://www.openarchives.org/OAI/2.0/" xmlns:xsi="http://www.w3.org/2001/XMLSchema-instance" xsi:schemaLocation="http://www.openarchives.org/OAI/2.0/ http://www.openarchives.org/OAI/2.0/OAI-PMH.xsd"><responseDate>2026-04-28T19:09:44Z</responseDate><request verb="GetRecord" identifier="oai:uvadoc.uva.es:10324/9645" metadataPrefix="marc">https://uvadoc.uva.es/oai/request</request><GetRecord><record><header><identifier>oai:uvadoc.uva.es:10324/9645</identifier><datestamp>2021-06-30T08:02:52Z</datestamp><setSpec>com_10324_6401</setSpec><setSpec>com_10324_5186</setSpec><setSpec>com_10324_29291</setSpec><setSpec>col_10324_6408</setSpec></header><metadata><record xmlns="http://www.loc.gov/MARC21/slim" xmlns:doc="http://www.lyncode.com/xoai" xmlns:xsi="http://www.w3.org/2001/XMLSchema-instance" xmlns:dcterms="http://purl.org/dc/terms/" xsi:schemaLocation="http://www.loc.gov/MARC21/slim http://www.loc.gov/standards/marcxml/schema/MARC21slim.xsd">
<leader>00925njm 22002777a 4500</leader>
<datafield tag="042" ind1=" " ind2=" ">
<subfield code="a">dc</subfield>
</datafield>
<datafield tag="720" ind1=" " ind2=" ">
<subfield code="a">Oliva Herrer, Hipólito Rafael</subfield>
<subfield code="e">author</subfield>
</datafield>
<datafield tag="260" ind1=" " ind2=" ">
<subfield code="c">2007</subfield>
</datafield>
<datafield tag="520" ind1=" " ind2=" ">
<subfield code="a">The second half of the XIVth century witnessed several dynastic crises. In Castile the Trastamara gained access to power after a civil war that ended in 1369. In Portugal there was the ascent of the Avis household after the crisis of 1383-1385. 80th political conflicts are inseparable from others of a social character within the same period: struggles between nobiliary factions, between lords and peasants, between the popular Christian masses and the Jewish minority, etc. Various means will be used to surmount difficulties: accommodation to the new dynastic situation, repression or royal mediation, creation of brotherhoods and finally, the elaboration of a legitimating discourse that presented the new dynasty as a warrant for stability.</subfield>
</datafield>
<datafield tag="520" ind1=" " ind2=" ">
<subfield code="a">La segunda mitad del siglo XIV conoce distintas crisis dinásticas. En Castilla suben los Trastámara al poder tras una guerra civil concluida en 1369. En Portugal ascienden los Avis tras la crisis de 1383-1385. Ambos conflictos políticos son inseparables de otros de carácter social: entre facciones nobiliarias, entre señores y campesinos, de la masa popular cristiana contra la minoría judía, etc ... Para superar las dificultades se utilizarán diversos medios: la acomodación a la nueva situación dinástica, la represión o la mediación real, la creación de hermandades y, en definitiva, la elaboración de un discurso legitimador que presenta a la nueva dinastía como garante de estabilidad.</subfield>
</datafield>
<datafield tag="024" ind2=" " ind1="8">
<subfield code="a">Edad Media: revista de historia, 2007, N.8, pags.279-294</subfield>
</datafield>
<datafield tag="024" ind2=" " ind1="8">
<subfield code="a">1138-9621</subfield>
</datafield>
<datafield tag="024" ind2=" " ind1="8">
<subfield code="a">http://uvadoc.uva.es/handle/10324/9645</subfield>
</datafield>
<datafield tag="024" ind2=" " ind1="8">
<subfield code="a">279</subfield>
</datafield>
<datafield tag="024" ind2=" " ind1="8">
<subfield code="a">8</subfield>
</datafield>
<datafield tag="024" ind2=" " ind1="8">
<subfield code="a">294</subfield>
</datafield>
<datafield tag="024" ind2=" " ind1="8">
<subfield code="a">Edad Media: revista de historia</subfield>
</datafield>
<datafield ind1=" " ind2=" " tag="653">
<subfield code="a">Edad Media</subfield>
</datafield>
<datafield tag="245" ind1="0" ind2="0">
<subfield code="a">Tensiones sociales y políticas de apaciguamiento en el ascenso y consolidación de los Trastámara (Una panorámica)</subfield>
</datafield>
</record></metadata></record></GetRecord></OAI-PMH>